Word Chain - Game of Thrones - Statistics

General Stats
  • This quiz has been taken 341 times
  • The average score is 14 of 18
Answer Stats
Hint Answer % Correct
Name of Arya Stark's sword Needle
96%
First name of 'The Mountain' Gregor
95%
Ramsay Bolton's father Roose
95%
Bird used to send messages Raven
94%
Wildling girl saved by Samwell Tarly, one of Craster's many widows Gilly
92%
Daenerys owns 3 of these Dragons
91%
Sigil of House Baratheon Stag
90%
Continent to the east of Westeros Essos
84%
Heir to Riverrun, Uncle to Robb Stark Edmure
83%
Former, Honourable Warden of the North Ned
83%
Seat of House Stark Winterfell
81%
Seat of House Martell Sunspear
79%
First name of the Royal Executioner Ilyn
75%
Last word of the Greyjoy house motto Sow
68%
Pet name for Aegon Targaryen (used by Maester Aemon) Egg
67%
City conquered and liberated by Daenerys Yunkai
55%
Hodor's real name (show version) Willis
36%
Arya's friend, stabbed by Needle Lommy
35%
No matching quizzes found
Score Distribution
Percent of People with Each Score
Percentile by Number Answered
Your Score History
You have not taken this quiz